000 01054nac a22003850a 4500
001 PT40212
003 AR-LpoUNG
005 20210201005409.0
008 201001s2005||||ag |||||||||||||||||spa d
020 _a9500508966
_c$14.65
040 _aAR-LpoUNG
_bspa
_eaacr
041 _aspa
044 _aag
082 0 _aR791.43 286v1
100 1 _aManrupe, Raúl
245 1 3 _aUn diccionario de films argentinos
250 _a1§ edición, 2§ reimpresión
260 _aBuenos Aires :
_bCorregidor,
_c2005.
300 _a746 p. :
_bil.
_a(2
_fVolúmenes)
_3Impreso
490 0 _aUn diccionario de films argentinos
650 4 _aANALISIS HISTORICO
650 4 _aARGENTINA
650 4 _aASPECTOS TECNICOS
650 4 _aCINE
650 4 _aCRITICA
650 4 _aDICCIONARIOS
650 4 _aINDUSTRIA CINEMATOGRAFICA
650 4 _aMATERIAL DE REFERENCIA
650 4 _aPELICULAS
651 4 _aDOCUMENTOS TEORICOS O METODOLOGICOS
653 _aCINE ARGENTINO
700 1 _aPortela, María lejandra
905 _a40212
942 _cLSALA
999 _c49407
_d49407